000 00570nam a22001937a 4500
005 20251108170739.0
008 250721s9999 xx 000 0 ara d
082 1 4 _aط/219.2/خول
100 1 _aالخولي، حلمي
245 1 0 _aغزوة بدر /
264 1 _aبيروت :
_bسفير،
_c[19-].
300 _a31ص
490 0 _aسلسلة المعارك و الغزوات
650 1 7 _aالسيرة النبوية
650 1 7 _aالغزوات الإسلامية
700 1 _aعبد القادر، ماهر
_eرسم
942 _2ddc
_cBK
999 _c48026
_d48026